000 00391 a2200133 4500
999 _c9616
_d9616
050 _aKTZ2.2ZIM1991
100 _aAP de Bourbon,SC
_eeditor
245 _aThe Zimbabwe law reports 1991
_bpart 2
_cAP de Bourbon SC
264 _aHarare
_bLegal Resource Foundation
_c1991
300 _a366p.
500 _alaw reports
650 _aLaw---law reports---Zimbabwe
942 _2lcc
_cSERIALS
_h2.2
_iZIM
_kKTZ